000 00805nam a22002537a 4500
999 _c123833
_d123833
003 dpl
005 20181203140400.0
008 161217b xxu||||| |||| 00| 0 eng d
010 _aA-902921
020 _c65.00
_a8170143845
035 _aA-902921, A-812883
037 _bCen Lib/Ret
040 _aDPL
_bEN
_ctit
082 _a332.401
100 _aDhingra, I. C.
_98191
245 _aMonetary theory and practice :
_cby I. C. Dhingra [and] V.K.Garg
_bbased on the new syllabus of the CAIIB-II examination /
260 _aNew Delhi
_bPremier book company
_c1983
270 _a23,Darya Ganj
_bNew Delhi
_e110002
300 _aviii,434p.
_c21cm(Hb)
650 _aMoney
_98192
650 _aBanks and banking
_98193
700 _97837
_aGarg,V.K.
942 _2ddc
_cEN
_h332.401
_mDHI